003830000a22001330004500020001800000041000800018082001900026100002300045245007300068260003800141300001200179440005200191001000600243 a84-8280-159-70 aSPA04aG 862.2 R7414c1 aRojas, Fernando de10aLa Celestina : Tragicomedia de Calisto y Melibea / Fernando de Rojas aBogotá, Colombia : Oveja Negra a215 Pag 0aColección Historia Universal de la Literatura13086